Statistics for 100 Most Common French Words

Click here to take the quiz!

General Stats

  • This quiz has been taken 446 times
  • The average score is 33 of 100

Answer Stats

French Word% Correct
À
98%
Le
89%
Je
88%
De
85%
Il
84%
Et
82%
Vous
80%
76%
Ou
76%
Elle
76%
Un
75%
Nous
72%
Me
72%
Que
68%
Ce
68%
Être
65%
Bon
60%
En
59%
Se
58%
Mon
58%
Pour
55%
Ne
55%
Par
55%
On
54%
Non
54%
Pas
54%
Avoir
53%
Mais
53%
Y
52%
Aller
51%
Avec
49%
Jour
47%
Dans
47%
Son
47%
Si
46%
Qui
46%
Faire
44%
Sur
42%
Comme
41%
Deux
39%
Bien
37%
Voir
37%
Tout
32%
Lui
30%
An
29%
Savoir
28%
Sans
28%
Dire
28%
Peu
27%
Plus
27%
Pouvoir
26%
Très
26%
Grand
24%
Vouloir
22%
Notre
22%
Prendre
20%
Leur
20%
Devoir
19%
Donner
19%
Venir
18%
Après
18%
Temps
17%
Alors
16%
Avant
16%
Aussi
16%
Heure
14%
Même
14%
Moins
12%
Cela
11%
Falloir
11%
Autre
11%
Entre
10%
Personne
10%
Mettre
10%
Passer
8%
Encore
8%
Fois
8%
Monde
7%
Part
7%
Celui
6%
Depuis
6%
Quelque
6%
Trouver
6%
Comprendre
6%
Dont
5%
Monsieur
5%
Premier
4%
Pendant
4%
Déjà
4%
Dernier
3%
Nouveau
3%
Rendre
3%
Demander
3%
Lequel
2%
Aucun
2%
Point
2%
Rester
2%
Suite
1%
Raison
1%
Ainsi
1%

Score Distribution

Percentile by Number Answered

Percent of People with Each Score

Your Score History

You have not taken this quiz